000
00337nam a2200133Ia 4500
008
240624s9999 xx 000 0 und d
041
_a
eng
082
_a
519.5 BOX
100
_a
BOX GEORGE
245
_a
EVOLUTIONARY OPERATION A STATISTICAL MET
260
_c
2014
_a
New Delhi
_b
Wiley
300
_a
xi, 237 p.; 22 cm.
365
_c
RS
_b
27.5
999
_c
29500
_d
29500